Zákon Národnej rady Slovenskej republiky č. 145/1995 Z.z. z 22. júna 1995 o správnych poplatkoch ...
Znenie zákona č. 145/1995 Z.z. z 22. júna 1995 o správnych poplatkoch v znení neskorších zákonov a zákona č. .../2000 Z.z. Príloha: Sadzobník správnych poplatkov.
Na minha lista:
| Formato: | Capítulo de Livro |
|---|---|
| Idioma: | eslovaco |
| Assuntos: | |
| Tags: |
Sem tags, seja o primeiro a adicionar uma tag!
|
MARC
| LEADER | 00000naa a2200000 4500 | ||
|---|---|---|---|
| 001 | r040432 | ||
| 005 | 20230926084219.8 | ||
| 041 | 0 | |a slo | |
| 044 | |a SK | ||
| 245 | 1 | 0 | |a Zákon Národnej rady Slovenskej republiky č. 145/1995 Z.z. z 22. júna 1995 o správnych poplatkoch ... |
| 520 | |a Znenie zákona č. 145/1995 Z.z. z 22. júna 1995 o správnych poplatkoch v znení neskorších zákonov a zákona č. .../2000 Z.z. Príloha: Sadzobník správnych poplatkov. | ||
| 610 | 2 | 0 | |a poplatky |
| 610 | 2 | 0 | |a správa štátna |
| 610 | 2 | 0 | |a zákony |
| 610 | 2 | 0 | |a Slovensko |
| 610 | 2 | 0 | |a novelizácia |
| 610 | 2 | 0 | |a 1995-2000 |